Personnage des Rocks de One Piece par images - Statistiques

Statistiques générales
  • Ce quiz a été pris 31 fois
  • Le résultat moyen est 9 sur 15
Statistiques - réponses
Par images Réponse % Correct
Charlotte Linlin
96%
Edward Newgate
96%
Rocks D. Xebec
96%
Kaido
92%
Shiki
92%
Buckingham Stussy
80%
John
72%
Gloriosa
64%
Streusen
60%
Kyo
36%
Ganzui
28%
Gill Bastar
28%
Ochoku
24%
Barbell
12%
Marlon
12%
Aucun quiz correspondant
Distribution des résultats
% des personnes avec chaque résultat
Percentile par nombre de réponses
Votre historique - résultats
Vous n’avez pas pris ce quiz